000
00352nam a2200157Ia 4500
003
RNL
008
090707b ii f a fnsan d
040
_a
RCL
100
_a
Thapar, Prithvi Raj
_9
4891
245
_a
Sanchar, Tacneek te Multimedia
260
_a
Delhi
260
_b
Manpreet Prakashan
260
_c
2012
300
_a
238p.
942
_c
BK
999
_c
23696
_d
23696